000 00560 a2200205 4500
005 20260121103532.0
008 260120b |||||||| |||| 00| 0 eng d
020 _a9789819974870
_cRs. 1995.00
040 _aMAIN
082 _a305.420954
_bP272G
100 _aPatel, Vibhuti, ed.
245 _aGendered inequalities in paid and unpaid work of women in India
260 _bSpringer
_c2024
_aSingapore
300 _axx, 277
650 _aSociology
650 _aSocial Groups
650 _aWomen- India
700 _aMondal, Nandita, ed.
942 _cBK
999 _c394613
_d394613